000 00786nam a2200229 4500
003 OSt
005 20240614060410.0
006 a
008 240614b |||||||| |||| 00| 0 eng d
020 _a9781412978484
040 _aDWCL-Main lib.
_cOC
082 _aCirc. 370.1170 G165n 2011
100 _aGallavan, Nancy P.
245 _aNavigating cultural competence in grades 6-12 : a compass for teachers /
260 _aCalifornia :
_bCorwin Press,
_cc2011.
300 _axiv,
_b161 p. : b & w ill. ;
_c26 cm.
504 _aIncludes bibliographical references & index.
650 _a1. Multicultural education–United States.
650 _a2. Multiculturalism–Study and teaching (Secondary)–United States.
700 _aNancy P Gallavan
942 _2ddc
_n0
_cBK-CIRC
_kCirc.
999 _c703
_d703